| 000 | 01122cab a2200289 4500 | ||
|---|---|---|---|
| 001 | WB3428-19 | ||
| 008 | 090401t1998 xxu||||| |||| 00| 0 eng d | ||
| 035 | _a(Sirsi) u87515 | ||
| 041 | _aeng | ||
| 245 | _aWhen a statue becomes part of the house | ||
| 260 | _c1998 | ||
| 350 | _a0 | ||
| 490 |
_aDaily Telegraph _v20 July 1998, 18(1) |
||
| 520 | _aChristie`s auction house has become involved in a listed-building dispute concerning a statue sold in a sale at Hackwood House. Basingstoke DC take the view that the statues are part of the fixtures and fittings of the grade II listed house. If the statues eventually have to stay the auction houses will have to consider the context potential lots are situated even if they are not physically attached to a listed building. | ||
| 650 | _aAUCTION HOUSES | ||
| 650 | _aBASINGSTOKE DC | ||
| 650 | _aCHRISTIES | ||
| 650 | _aDISPUTE | ||
| 650 | _aFIXTURE AND FITTINGS | ||
| 650 | _aFOUR SEASONS | ||
| 650 | _aHACKWOOD HOUSE | ||
| 650 | _aLISTED BUILDING | ||
| 650 | _aSTATUES | ||
| 690 |
_aArts and antiques _96217 |
||
| 942 | _n0 | ||
| 948 | _c21/07/1998 | ||
| 999 |
_c55208 _d55208 |
||